|
|
|
|
| LEADER |
00000nam0a2200000 4500 |
| 001 |
294986 |
| 005 |
20231102000748.0 |
| 020 |
|
|
|a RU
|b 84-14936
|
| 035 |
|
|
|a (RuTPU)RU\TPU\book\320062
|
| 090 |
|
|
|a 294986
|
| 100 |
|
|
|a 20150519d1984 km y0rusy5003 ca
|
| 101 |
0 |
|
|a rus
|
| 102 |
|
|
|a UA
|
| 105 |
|
|
|a a z 001zy
|
| 200 |
1 |
|
|a Инженерные изыскания магистральных трубопроводов
|f А. И. Тихонов, В. И. Фомик, И. А. Тихонова
|
| 210 |
|
|
|a Киев
|c Будiвельник
|d 1984
|
| 215 |
|
|
|a 80 с.
|c ил.
|
| 320 |
|
|
|a Библиогр.: с. 81
|
| 606 |
1 |
|
|a Нефтепроводы магистральные
|x Изыскания
|2 stltpush
|3 (RuTPU)RU\TPU\subj\45742
|9 64933
|
| 610 |
1 |
|
|a инженерно-геологические исследования
|
| 610 |
1 |
|
|a трассы
|
| 610 |
1 |
|
|a требования
|
| 610 |
1 |
|
|a состав
|
| 610 |
1 |
|
|a содержание
|
| 610 |
1 |
|
|a геодезические исследования
|
| 610 |
1 |
|
|a геологические изыскания
|
| 610 |
1 |
|
|a гидрометеорологические изыскания
|
| 610 |
1 |
|
|a площадочные работы
|
| 610 |
1 |
|
|a нормативные материалы
|
| 675 |
|
|
|a 622.692.4.07
|z rus
|v 3
|
| 700 |
|
1 |
|a Тихонов
|b А. И.
|g Александр Иванович
|4 070
|
| 701 |
|
1 |
|a Фомик
|b В. И.
|g Вадим Иванович
|
| 701 |
|
1 |
|a Тихонова
|b И. А.
|g Ирина Александровна
|
| 801 |
|
0 |
|a RU
|b RuMRKP
|c 19950704
|g psbo
|
| 801 |
|
1 |
|a RU
|b 63413507
|c 20150519
|
| 801 |
|
2 |
|a RU
|b 63413507
|c 20181109
|g RCR
|
| 942 |
|
|
|c BK
|